00301nam a2200109Ia 4500008004100000020001800041100001600059245003900075260004400114300002100158650001200179191129s9999 xx 000 0 und d a9780399186370 aCheng, jack cJack ChengaSee you in the cosmos/ aNY:bDial Books for Young Readersc2017 a314 p. ;c22 cm. aFiction